|
|
|
|
| LEADER |
00000nam0a2200000 4500 |
| 001 |
219051 |
| 005 |
20231101230230.0 |
| 010 |
|
|
|a 9785916700343
|
| 035 |
|
|
|a (RuTPU)RU\TPU\book\239089
|
| 090 |
|
|
|a 219051
|
| 100 |
|
|
|a 20120702d2011 m y0rusy50 ca
|
| 101 |
0 |
|
|a rus
|
| 102 |
|
|
|a RU
|
| 105 |
|
|
|a y j 001zy
|
| 200 |
1 |
|
|a Сценарные основы праздничного досуга в современной библиотеке
|e учебно-методическое пособие
|f Ю. М. Паршин
|
| 210 |
|
|
|a Москва
|c Литера
|d 2011
|
| 215 |
|
|
|a 206 с.
|
| 225 |
1 |
|
|a Современная библиотека
|v Вып. 66
|
| 320 |
|
|
|a Библиогр.: с. 191-197.
|
| 320 |
|
|
|a Глоссарий: с. 198-206.
|
| 330 |
|
|
|a Базовой методической основой пособия стали проблемные аспекты практической технологии праздничных досуговых форм, рассмотренные на многочисленных примерах сценарно-постановочной практики, методических вариантах определения темы и идеи праздничного события с последующим формированием на их основе авторского сценарного замысла. В пособии последовательно изложен процесс поиска сюжетно-образной основы сценария, осуществленный в синтезе искусства и документа, даны разработки различных вариантов композиционного монтажа праздничного действия с предварительным методическим комментарием стратегии и тактики композиционного мышления, представленным а диалоговой форме отечественной и зарубежной сценарных школ. Важной составной частью методического пособия мы считаем литературные и постановочные сценарии массовых праздников, реализованные в различные годы в условиях открытого постановочного пространства и отмеченные дипломами фестивалей и конкурсов в номинации «драматургия». Предварительным итогом данного методического пособия является надежда автора на возможный продуктивный диалог со своими коллегами - сценаристами и постановщиками праздничных досуговых форм, реализуемых в условиях современной библиотеки.
|
| 606 |
1 |
|
|a Библиотеки
|x Организация работы
|2 stltpush
|3 (RuTPU)RU\TPU\subj\28589
|9 52106
|
| 610 |
1 |
|
|a библиотечное дело
|
| 610 |
1 |
|
|a праздники
|
| 610 |
1 |
|
|a досуговые услуги
|
| 610 |
1 |
|
|a сценарии
|
| 610 |
1 |
|
|a типология
|
| 610 |
1 |
|
|a методология
|
| 610 |
1 |
|
|a государственные праздники
|
| 610 |
1 |
|
|a юбилейные праздники
|
| 610 |
1 |
|
|a народные праздники
|
| 610 |
1 |
|
|a литературные источники
|
| 610 |
1 |
|
|a традиции
|
| 610 |
1 |
|
|a литературные сценарии
|
| 610 |
1 |
|
|a постановочные сценарии
|
| 610 |
1 |
|
|a массовые праздники
|
| 610 |
1 |
|
|a учебно-методические пособия
|
| 686 |
|
|
|a Ч737я73
|v LBC/SL-A
|2 rubbk
|
| 700 |
|
1 |
|a Паршин
|b Ю. М.
|g Юрий Михайлович
|
| 801 |
|
1 |
|a RU
|b 63413507
|c 20120702
|
| 801 |
|
2 |
|a RU
|b 63413507
|c 20220714
|g RCR
|
| 942 |
|
|
|c BK
|
| 959 |
|
|
|a 97/20120702
|d 1
|e 345,00
|f НМО:1
|